000
00268pam a2200109a 44500
008
230405s1991 xxu||||| |||| 00| 0 eng d
041
_a
ENG
100
_a
Gulati R.R
245
_a
Monichrome and colour television
260
_a
_b
Wiley Estern Ltd
_c
1991
906
_a
1128
999
_c
292471
_d
292471